| 000 | 01226nam a2200325 i 4500 | ||
|---|---|---|---|
| 001 | 195263 | ||
| 003 | SpMaBN | ||
| 005 | 20250317063106.0 | ||
| 008 | 230510s2023 sp | |||| 000 d spa | ||
| 015 | _aMON23 | ||
| 017 |
_aM 9013-2023 _bOficina Depósito Legal Madrid |
||
| 020 | _a9788479916015 | ||
| 040 |
_aSpMaBN _bspa _cSpMaBN _erda _dES-MaACL |
||
| 080 | _a821.134.2-22"19" | ||
| 100 |
_aNúñez Rivero, Cayetano, _d1948- _eaut _9236824 |
||
| 245 | 1 | 3 |
_aLa noche del general / _cCayetano Núñez Rivero. |
| 264 | 1 |
_aMadrid : _bEditorial Universitas, _c[2023]. |
|
| 300 |
_a53 páginas : _c21 cm. |
||
| 336 |
_aTexto _2rdacontent |
||
| 337 |
_asin mediación _2rdamedia |
||
| 338 |
_avolumen _2rdacarrier |
||
| 655 | 0 |
_aTeatro político _9236825 |
|
| 852 |
_aES-MaACL _bR.154363 _cDEPOJ _jN-8907 _gDedicatoria autógrafa del autor _hDonación: Cayetano Núñez Rivero _xEncuadernación rústica _9204786 |
||
| 903 |
_aNúñez Rivero, Cayetano, _d1948- _ednr _9236824 |
||
| 942 |
_cMONOGRAFIA _n0 |
||
| 999 |
_c195263 _d195263 |
||